000 00820nam a2200241Ia 4500
003 OSt
005 20220923225402.0
006 a|||||r|||| 00| 0
007 ta
008 220922b |||||||| |||| 00| 0 hin d
024 _a264,967
037 _cTextual
040 _aARTS
_cARTS
_bhin
041 _2hin
_ahin
082 _aR5.2, 152K7.1
100 _aपाण्डेय, कान्तिचन्द्र
_9156854
245 0 _aस्वतन्त्रकलाशास्त्र
246 _aSvatantrakalāshāstra
260 _aवाराणसी
_b चौखम्बा संस्कृत सीरीज
_c1967
300 _a670पृ.
_ccm.
942 _hR5.2, 152K7.1
_cTEXL
_2CC
999 _c377937
_d377937